| 000 | 00420nam a2200157 a 4500 | ||
|---|---|---|---|
| 005 | 20140414132122.0 | ||
| 008 | 121029s19uu xx 00 eng d | ||
| 020 | _a1403712522 | ||
| 050 |
_aFIC _bSt846tr 2004 |
||
| 100 | _aStevenson, Robert Louis | ||
| 245 | _aTreasure Island. | ||
| 260 |
_aU.S.A : _bDalmatian Press, _c2004. |
||
| 300 | _a182 | ||
| 650 |
_aStories- _xclassic- _xchildren- _xfiction. |
||
| 999 |
_c115103 _d115103 |
||